000 00302nam a22001217a 4500
020 _a0-07-019154-9
082 _a621.38195833 MEM
100 _aALTMAN,LAURENCE
_975421
245 _aMEMORY DESIGN:MICROCOMPUTERS TO MAINFRAMES
260 _aNEW YORK
_bMCGRAW HILL
_c1978
300 _a180P
942 _cBK
999 _c580836
_d580836